00542nam a2200169 4500003001100000005001700011008004100028020001500069040003900084041000800123082001600131100002800147245009700175260004000272300002300312650003700335LK-CoMWRAF20231207122556.0231125b2002 |||||||| |||| 00| 0 eng d a9559151290 aLK-CoMWRAFdLK-CoMWRAFeLK-CoMWRAF aeng a348.04bHUS aHussain, M. S. Mohammed aHussain's complete digest of case law of Sri Lanka : 1820-2000, bVol-14 Lease to Monopolies aKandy : bArafa (Pvt.) Ltd.,c 2002 axvi, 651 p.; 26 cm aLaw reports, digests, -Sri Lanka